| 000 | 00482nam a2200205Ia 4500 | ||
|---|---|---|---|
| 005 | 20240823020557.0 | ||
| 008 | 240823s9999||||xx |||||||||||||| ||und|| | ||
| 020 | _a81-7649-078-4 | ||
| 041 | _aENGLISH | ||
| 082 | _A621.8 N9 | ||
| 100 | _aJohn Kannah | ||
| 245 | 0 | _aMechanics of Machines | |
| 250 | _a2nd | ||
| 260 |
_c1999 _b"Viva,New " _aNew Delhi |
||
| 500 | _aTRANSFERED | ||
| 650 |
_aMachine _bMechanical |
||
| 700 | _a" Stephen.R,C" | ||
| 942 | _cBK | ||
| 999 |
_c175077 _d175077 |
||